LEADER 00997nam a2200229 u 4500 001 000000023090 003 CaOOAMICUS 005 20070226111211.0 008 950518s1879 it b u000 u ita u 035 $a10579732 040 $aPUL(R)$bita$dEFR(R) 100 1 $aPinto, Giuseppe.$0(OLS)http://pul/name/19528 245 10$aStoria della medicina in Roma al tempo dei re e della Repubblica :$binvestigazioni e studi /$cGiuseppe Pinto. 260 $aRoma :$bArtero,$c1879. 300 $a434 p. :$bc. geogr. ;$c24 cm 504 $aBibliografia in nota. 650 4$aMedicina$xStoria.$0(OLS)http://pul/subject/14341 850 $aPUL 852 $aPUL$W1$xDP1 Antico 800$y27$m117 A 35$j32378$nBK-PRI$b $qStampati Antico$B32378$CPULBib$Z2$F32378 $H $81 941 1 $a15 996 $6245$aStoria della medicina in Roma al tempo dei re e della Repubblica :$binvestigazioni e studi$9(OLS)http://pul/title/32168 996 $6260$aRoma :$bArtero$9(OLS)http://pul/publisher/57862 LEADER 01314nam a2200217 u 4500 001 000000091923 003 CaOOAMICUS 005 20070226124901.0 008 060329n enk u000 u eng u 035 $a11083792 040 $aPUL(R)$bita 245 00$aIn Vitro Fertilisation: Morality and Public Policy :$bevidence submitted to the Government Committee of Inquiry into Human Fertilisation and Embryology (the Warnock Committee) /$cby the Catholic Bishops' Joint Committee on Bio-Ethical Issues on behalf of the Catholic bishops of Great Britain. 260 $aAbbots Langley :$bCatholic Information Services,$c[s.d.] 300 $a18 p. ;$c21 cm 650 4$aEmbriologia umana.$0(OLS)http://pul/subject/19215 710 2 $aCatholic Church.$bBishops' Joint Committee on Bio-Ethical Issues.$0(OLS)http://pul/name/59249 850 $aPUL 852 $aPUL$W1$xDP1 Fondo Seidl$y56$m3 A 50$j115692$nBK-PRI$b $qFondi$B115692$CPULBib$Z2$F115692 $H $81 941 1 $a1 996 $6245$aIn Vitro Fertilisation: Morality and Public Policy :$bevidence submitted to the Government Committee of Inquiry into Human Fertilisation and Embryology (the Warnock Committee)$9(OLS)http://pul/title/118651 996 $6260$aAbbots Langley :$bCatholic Information Services$9(OLS)http://pul/publisher/78985